Lo-TEK, Design by Radical Indigenism /
Gespeichert in:
| Hauptverfasser: | , |
|---|---|
| Format: | Buch |
| Sprache: | Englisch |
| Veröffentlicht: |
Cologne :
Taschen GmbH,
2020
|
| Ausgabe: | 1. vydanie |
| Schlagworte: | |
| Tags: |
Keine Tags, Fügen Sie das erste Tag hinzu!
|
MARC
| LEADER | 00000nam a22000003a 4500 | ||
|---|---|---|---|
| 001 | 0089365 | ||
| 003 | SK-STU | ||
| 005 | 20210706144058.3 | ||
| 007 | ta | ||
| 008 | 210706s ----xo-----e------000-0-----d | ||
| 020 | |a 978-3-8365-7818-9 | ||
| 040 | |a STU |b slo | ||
| 041 | 0 | |a eng | |
| 044 | |a gw | ||
| 100 | 1 | |a Watson, Julia |4 aut | |
| 245 | 1 | 0 | |a Lo-TEK, Design by Radical Indigenism / |c aut. Julia Watson; Wade Davis |
| 250 | |a 1. vydanie | ||
| 260 | |a Cologne : |b Taschen GmbH, |c 2020 | ||
| 300 | |a 418 s. | ||
| 650 | 0 | 7 | |a človek a príroda |
| 650 | 0 | 7 | |a architektúra a ekológia |
| 650 | 0 | 7 | |a alternatívne prírodné materiály |
| 650 | 0 | 7 | |a architektúra a staviteľstvo |
| 650 | 0 | 7 | |a extrémne prírodné vplyvy |
| 650 | 0 | 7 | |a Kultúrne a prírodné dedičstvo |
| 650 | 0 | 7 | |a vodné hospodárstvo |
| 650 | 0 | 7 | |a udržateľnosť |
| 650 | 0 | 7 | |a hospodárenie s dažďovými vodami |
| 650 | 0 | 7 | |a voda a životné prostredie |
| 650 | 0 | 7 | |a Stavby malé |
| 650 | 0 | 7 | |a slama |
| 650 | 0 | 7 | |a prírodné mosty |
| 650 | 0 | 7 | |a poľnohospodárstvo |
| 700 | 1 | |a Davis, Wade |4 aut | |
| 996 | |b 284AU08769 |c A* 12047/U |l AAKNST |s P |a 0 |w 0089365_0001 | ||